Guilty until proven prosecuted: the canadian state´s assessment of sexual minority refugee claimants and the invisibility of the non-western sexual non-citizen/
Gespeichert in:
| 1. Verfasser: | |
|---|---|
| Weitere Verfasser: | |
| Format: | Buch |
| Sprache: | English |
| Tags: |
Tag hinzufügen
Keine Tags, Fügen Sie den ersten Tag hinzu!
|
MARC
| LEADER | 00000nam a22000007a 4500 | ||
|---|---|---|---|
| 003 | cru CIDCACS/IIS | ||
| 005 | 20180119153349.0 | ||
| 007 | ta | ||
| 008 | 180119|2016 -uk|||p|r||||||0| |0eng | | ||
| 999 | |c 40847 |d 40847 | ||
| 040 | |c cru CIDCACS/IIS | ||
| 100 | 1 | |9 6436 |a Gaucher, Megan | |
| 245 | 1 | |a Guilty until proven prosecuted: |b the canadian state´s assessment of sexual minority refugee claimants and the invisibility of the non-western sexual non-citizen/ |c Megan Gaucher, Alexa DeGagne | |
| 300 | |a páginas 459-481 | ||
| 700 | 1 | |9 6437 |a DeGagne, Alexa | |
| 773 | 0 | |0 40836 |9 1746 |d Reino Unido : Oxford University Press |o 18420 |t Social Politics: |x 10724745 | |
| 942 | |2 ddc |c PP | ||
